000 00454nam a2200181Ia 4500
001 4173
005 20260306145736.0
008 260306t2017||||xx |||||||||||||| ||spa||
041 _aESP
082 _a307.76
_bS765
100 _aSong, Houbing
_eAUT
245 0 _aSmart cities:
_bfoundations, principles and applications
260 _c2017
300 _axxxviii, 869 páginas :
_c24 cm.
650 _aGEN
654 _aCAU
942 _cLIB
_dJUS
_fJUS
_2ddc
_n
999 _c4173
_d4173